Score 0/20 Timer 05:00
5 Plays Today
% Correct
Frankenstein
93%
Alice's Adventures in Wonderland
91.9%
Gulliver's Travels
89.3%
The Hunger Games
85.5%
Adventures of Huckleberry Finn
84.9%
Lord of the Flies
83.1%
The Great Gatsby
81.6%
Hamlet
80.7%
The Count of Monte Cristo
79.1%
The Odyssey
77.9%
% Correct
A Midsummer Night's Dream
75.7%
Nineteen Eighty-Four
74.7%
The Lion, the Witch and the Wardrobe
72.7%
Matilda
72.1%
Fahrenheit 451
67.9%
And Then There Were None
65.2%
Catch-22
54.9%
Othello
47%
Esio Trot
46.2%
Animal Farm
43.6%
Remove Ads.
Support Sporcle.
Get the best of Sporcle when you Go Orange. This ad-free experience offers more features, more stats, and more fun while also helping to support Sporcle. Thank you for becoming a member.

You're not logged in!

Compare scores with friends on all Sporcle quizzes.
OR
Log In

Show Comments

Extras

Top Quizzes Today


Score Distribution

Your Account Isn't Verified!

In order to create a playlist on Sporcle, you need to verify the email address you used during registration. Go to your Sporcle Settings to finish the process.

Report this User

Report this user for behavior that violates our Community Guidelines.

Details: